Kibermetičeskij sbornik. Novaja serija. Vpusk 23

Enregistré dans:
Détails bibliographiques
Format: Livre
Publié: Moskva : Mir, 1986
Tags: Ajouter un tag
Pas de tags, Soyez le premier à ajouter un tag!

MARC

LEADER 00000nam a22000003a 4500
001 stu15549
005 20141122084222.4
008 ------s1986----xxr---------------------d
040 |a STU  |b slo 
041 0
044 |a xxr 
080 |a 519.7 
245 |a Kibermetičeskij sbornik. Novaja serija. Vpusk 23 
260 |a Moskva :  |b Mir,  |c 1986 
300 |a 187 s :  |b Tab.,lit 
996 |b C80521  |c C*80521  |l CCXX  |s P  |a 0  |w stu15549_0001